Object oriented programming using C++ and Java/ (Record no. 71486)

MARC details
000 -LEADER
fixed length control field 01205nam a22002777a 4500
005 - DATE AND TIME OF LATEST TRANSACTION
control field 2012112003483.0
008 - FIXED-LENGTH DATA ELEMENTS--GENERAL INFORMATION
fixed length control field 121120t xxu||||| |||| 00| 0 eng d
010 ## - LCCN (DPL NO)
LC control number ENG-106168
020 ## - INTERNATIONAL STANDARD BOOK NUMBER
International Standard Book Number 9781259006494
Terms of availability 350.00
020 ## - INTERNATIONAL STANDARD BOOK NUMBER
International Standard Book Number 1259006492
Terms of availability 350.00
035 ## - SYSTEM CONTROL NUMBER
System control number EN-89701
037 ## - SOURCE OF ACQUISITION
Source of stock number/acquisition DBAD/PUB
040 ## - CATALOGING SOURCE
Original cataloging agency DPL
Language of cataloging Eng
082 ## - DEWEY DECIMAL CLASSIFICATION NUMBER
Classification number 005.133
100 1# - MAIN ENTRY--PERSONAL NAME
Personal name Balagurusamy, E.
9 (RLIN) 53625
245 14 - TITLE STATEMENT
Title Object oriented programming using C++ and Java/
Statement of responsibility, etc by E. Balagurusamy
260 ## - PUBLICATION, DISTRIBUTION, ETC. (IMPRINT)
Place of publication, distribution, etc New Delhi
Name of publisher, distributor, etc Tata McGraw-Hill
Date of publication, distribution, etc 2012
270 ## - ADDRESS
Address 7 West Patel Nagar
City New Delhi
Postal code 110008
300 ## - PHYSICAL DESCRIPTION
Extent xiii,478p. :
Other physical details ill.
Dimensions 24cm(pbk)
650 ## - SUBJECT ADDED ENTRY--TOPICAL TERM
Topical term or geographic name as entry element Java (Computer program language)
9 (RLIN) 53635
650 ## - SUBJECT ADDED ENTRY--TOPICAL TERM
Topical term or geographic name as entry element Object-oriented programming (Computer science)
9 (RLIN) 53636
650 ## - SUBJECT ADDED ENTRY--TOPICAL TERM
Topical term or geographic name as entry element C++ (Computer program language)
9 (RLIN) 53637
942 ## - ADDED ENTRY ELEMENTS (KOHA)
Source of classification or shelving scheme Dewey Decimal Classification
Item type English Books
Classification part 005.133
Call number suffix BAL
Holdings
Withdrawn status Lost status Source of classification or shelving scheme Damaged status Not for loan Collection code Home library Current library Date acquired Source of acquisition Cost, normal purchase price Total Checkouts Full call number Barcode Date last seen Copy number Cost, replacement price Koha item type
    Dewey Decimal Classification   Not For Loan Non-fiction D.B.Act.Division D.B.Act.Division 20/11/2012 DBAD/PUB 450.00   005.133 BAL EN-89701 20/11/2012 1 450.00 English Books

© Delhi Public Library
Hit Counter
free hit counter